Historia de la Iglesia Católica (Record no. 170749)

MARC details
000 -LEADER
campo de control de longitud fija 01021nam a2200229 i 4500
001 - NÚMERO DE CONTROL
campo de control 170749
003 - IDENTIFICADOR DE NÚMERO DE CONTROL
campo de control ES-MaACL
005 - FECHA Y HORA DE LA ÚLTIMA TRANSACCIÓN
campo de control 20250831072601.0
008 - DATOS DE LONGITUD FIJA--INFORMACIÓN GENERAL
campo de control de longitud fija 090402s1953 sp |||| | spa d
100 0# - ENTRADA PRINCIPAL--NOMBRE DE PERSONA
Nombre de persona Montalbán, Francisco Javier.
9 (RLIN) 139720
245 10 - MENCIÓN DEL TÍTULO
Título Historia de la Iglesia Católica
Resto del título : en sus cuatro grandes edades: antigua, media, nueva y moderna.
Número de parte o sección de la obra T. IV,
Nombre de parte o sección de la obra Edad moderna (1648-1951) : La iglesia en su lucha y relación con el laicismo /
Mención de responsabilidad, etc. por Francisco J.Montalbán ; revisada y completada por Bernardino Llorca, Ricardo García Villoslada.
250 ## - MENCION DE EDICION
Mención de edición 1º ed., reimp.
260 ## - PUBLICACIÓN, DISTRIBUCIÓN, ETC.
Lugar de publicación, distribución, etc. Madrid :
Nombre del editor, distribuidor, etc. La Editorial Católica,
Fecha de publicación, distribución, etc. 1953.
300 ## - DESCRIPCIÓN FÍSICA
Extensión XII, 851 p. ;
Dimensiones 20 cm.
490 1# - MENCIÓN DE SERIE
Mención de serie Biblioteca de autores cristianos ;
Designación de volumen o secuencia 76
650 07 - PUNTO DE ACCESO ADICIONAL DE MATERIA--TÉRMINO DE MATERIA
Término de materia o nombre geográfico como elemento de entrada Historia eclesiástica
Fuente del encabezamiento o término embne
9 (RLIN) 13400
700 1# - ENTRADA AGREGADA--NOMBRE PERSONAL
Nombre de persona Llorca, Bernardino.
9 (RLIN) 72853
700 0# - ENTRADA AGREGADA--NOMBRE PERSONAL
Nombre de persona García-Villoslada, Ricardo.
9 (RLIN) 55414
830 00 - PUNTO DE ACCESO ADICIONAL DE SERIE-TÍTULO UNIFORME
Título uniforme Biblioteca de autores cristianos
Designación de volumen o secuencia 76
9 (RLIN) 178679
852 ## - LOCALIZACIÓN
Ubicación ES-MaACL
Número de control de estantería J-74
itemnumber R.46092
Holdings
Estatus retirado Estado de pérdida Estado de daño No para préstamo Biblioteca de origen Biblioteca actual Ubicación en estantería Fecha de adquisición Fuente de adquisición Total de préstamos Signatura topográfica completa Código de barras Visto por última vez Precio de reemplazo Tipo de ítem Koha
        Biblioteca del Ateneo de Madrid Biblioteca del Ateneo de Madrid Depósito 2 02/04/2009     J-74 1179196 23/02/2023 23/02/2023 Libro impreso